Dr. Abdul Kalam (Record no. 52666)

MARC details
000 -LEADER
fixed length control field 00415nam a2200157Ia 4500
008 - FIXED-LENGTH DATA ELEMENTS--GENERAL INFORMATION
fixed length control field 220530s9999 xx 000 0 und d
020 ## - INTERNATIONAL STANDARD BOOK NUMBER
International Standard Book Number 9788177865820
041 ## - LANGUAGE CODE
Language code of text/sound track or separate title eng
082 ## - DEWEY DECIMAL CLASSIFICATION NUMBER
Classification number 509.2092
Item number ING
100 ## - MAIN ENTRY--PERSONAL NAME
Personal name Ingle, V.N
9 (RLIN) 58549
245 ## - TITLE STATEMENT
Title Dr. Abdul Kalam
Remainder of title Zep Awkashi Agnipakshyachee
250 ## - EDITION STATEMENT
Edition statement 4th Edition
260 ## - PUBLICATION, DISTRIBUTION, ETC. (IMPRINT)
Place of publication, distribution, etc. Aurangabad
Name of publisher, distributor, etc. Saket Publication
Date of publication, distribution, etc. 2016
300 ## - PHYSICAL DESCRIPTION
Extent 304 P.
Other physical details PB
906 ## - LOCAL DATA ELEMENT F, LDF (RLIN)
a 52.5
b GB
Holdings
Withdrawn status Lost status Damaged status Not for loan Collection code Home library Current library Date acquired Vendor Cost, normal purchase price Total Checkouts Full call number Barcode Date last seen Date last checked out Cost, replacement price Bill Date Koha item type Original Barcode
        Non Technical Cummins College of Engineering for Women Nagpur Cummins College of Engineering for Women Nagpur 05/05/2016 Famous book Centre 250.00 1 509.2092/ING CEWN-BK-7828 09/08/2023 20/07/2023 197.50 30/05/2022 Books 007828